ՀՀ Գիտությունների ազգային ակադեմիայի հիմնարար գիտական գրադարան  =   Fundamental Scientific Library of NAS RA

Հայկական Սովետական հանրագիտարան ։ (Record no. 403326)

MARC details
000 -LEADER
fixed length control field 00904nam a22001937a 4500
003 - CONTROL NUMBER IDENTIFIER
control field AM-YeHGA
005 - DATE AND TIME OF LATEST TRANSACTION
control field 20250617154031.0
008 - FIXED-LENGTH DATA ELEMENTS--GENERAL INFORMATION
fixed length control field 180419b1972 arm||||| |||| 00| 0 arm d
040 ## - CATALOGING SOURCE
Original cataloging agency AM-YeHGA
041 0# - LANGUAGE CODE
Language code of text/sound track or separate title arm
090 ## - LOCALLY ASSIGNED LC-TYPE CALL NUMBER (OCLC); LOCAL CALL NUMBER (RLIN)
-- 405548
245 00 - TITLE STATEMENT
Title Հայկական Սովետական հանրագիտարան ։
Statement of responsibility, etc. ՀՍՍՀ Գիտ. Ակադեմիա Հայկական Սովետական Հանրագիտարանի հատուկ գիտական խմբագրություն /
260 ## - PUBLICATION, DISTRIBUTION, ETC.
Place of publication, distribution, etc. Երեվան ։
Name of publisher, distributor, etc. ՀՍՍՀ Գիտ. Ակադեմիա Հայկական Սովետական Հանրագիտարանի հատուկ գիտական խմբագրություն ։
Date of publication, distribution, etc. 1972 .
300 ## - PHYSICAL DESCRIPTION
Extent 65 էջ
440 ## - SERIES STATEMENT/ADDED ENTRY--TITLE
Title Հ. Բ
650 14 - SUBJECT ADDED ENTRY--TOPICAL TERM
Topical term or geographic name entry element Հանրագիտարաններ
Form subdivision ՀՍՍՀ Գիտությունների Ակադեմիա
710 ## - ADDED ENTRY--CORPORATE NAME
Corporate name or jurisdiction name as entry element ՀՍՍՀ Գիտությունների Ակադեմիա
942 ## - ADDED ENTRY ELEMENTS (KOHA)
Source of classification or shelving scheme Universal Decimal Classification
Koha item type Գրքեր / Books
Holdings
Withdrawn status Lost status Source of classification or shelving scheme Damaged status Not for loan Collection Home library Current library Date acquired Total checkouts Full call number Barcode Date last seen Price effective from Koha item type Public note
    Universal Decimal Classification     Hovhannisian Individual Collection Fundamental Scientific Library Fundamental Scientific Library 19/04/2018   Հովհ/1835 FL0484902 19/04/2018 19/04/2018 Գրքեր / Books ILL Non-Circ.


ՀՀ ԳԱԱ հիմնարար գիտական գրադարան
ՀՀ,Երևան 0019
Մարշալ Բաղրամյան 24/6
հեռախոս:(374-10) 52-47-50
Հետադարձ կապ

All site content, except where otherwise noted, is licensed under a
Creative Commons License